| 000 | 00562cam a2200157 a 4500 | ||
|---|---|---|---|
| 008 | 040921s1989 cu 000 0 spa u | ||
| 035 | _aa439954 | ||
| 050 | 0 | 0 |
_aHJ8514 .5 _bC75 1989 |
| 245 | 0 | 0 |
_aCrisis : _bdeuda externa e integración en nuestra América. |
| 260 |
_aLa Habana, Cuba : _bPueblo y Educación, _c1989. |
||
| 300 |
_a101 p. ; _c21 cm. |
||
| 650 | 4 |
_aDeuda externa _zHispanoamerica _vCongresos |
|
| 651 | 4 |
_aHispanoamérica _xRelaciones economicas exteriores _vCongresos |
|
| 651 | 4 |
_aHispanoamerica _xCondiciones económicas |
|
| 942 |
_2lcc _cLIB |
||
| 999 |
_c67527 _d67527 |
||